LEADER 01196nam0-22003371i-450- 001 990004041300403321 005 20140714142408.0 035 $a000404130 035 $aFED01000404130 035 $a(Aleph)000404130FED01 035 $a000404130 100 $a19990604d1985----km-y0itay50------ba 101 0 $aita 105 $aa-------10-c- 200 1 $a<>martiri della Val di Non e la reazione pagana alla fine del IV secolo$eatti del convegno tenuto a Trento il 27-28 marzo 1984$fa cura di Antonio Quacquarelli e Igino Rogger 210 $aBologna$cEDB$d1985 215 $a223 p.$c8 ill.$d22 cm 225 1 $aPubblicazioni dell'Istituto di scienze seligiose in Trento$v9 300 $aVolume in duplice copia 610 0 $aMartirologia, Val di Non - sec.IV 676 $a272$v21$zita 702 1$aQuacquarelli,$bAntonio$f<1918-2001> 702 1$aRogger,$bIgino$f<1919- > 801 0$aIT$bUNINA$gRICA$2UNIMARC 901 $aBK 912 $a990004041300403321 952 $a272 QUA 1 (BIS)$bD.D.S.1719$fFLFBC 952 $a272 QUA 1$bD.D.S.1396$fFLFBC 959 $aFLFBC 996 $aMartiri della Val di Non e la reazione pagana alla fine del IV secolo$9471501 997 $aUNINA LEADER 00898nam0-2200289---450- 001 990008798500403321 005 20090203104419.0 035 $a000879850 035 $aFED01000879850 035 $a(Aleph)000879850FED01 035 $a000879850 100 $a20090203d1995----km-y0itay50------ba 101 0 $aita 102 $aIT 105 $ay-------001yy 200 1 $a<>principali sentenze sul protocollo delle pubbliche amministrazioni$ecasistica, commento e note sentenza per sentenza$fAntonio Romiti 210 $aViareggio$cSAL$dİ1995 215 $a115 p.$d24 cm 676 $a342.450 6$v21$zita 700 1$aRomiti,$bAntonio$0326638 801 0$aIT$bUNINA$gRICA$2UNIMARC 901 $aBK 912 $a990008798500403321 952 $aVI F 247$b51865*$fFGBC 959 $aFGBC 996 $aPrincipali sentenze sul protocollo delle pubbliche amministrazioni$9205350 997 $aUNINA